Dos mil años de evangelización: los grandes ciclos evangelizadores

Uloženo v:
Podrobná bibliografie
Hlavní autor: Lama, Enrique de la (Autor)
Médium: Kniha
Jazyk:španělština
Vydáno: Pamplona Universidad de Navarra 2001
Edice:Simposios Internacionales de Teología, 21
Témata:
Tagy: Přidat tag
Žádné tagy, Buďte první, kdo vytvoří štítek k tomuto záznamu!

MARC

LEADER 00000nam a2200000 a 4500
001 UCN8841
003 CL-VaPUC
005 20210303001838.0
008 011123e20010000sp 1 spa d
082 0 4 |a 266  |b LAM  |2 21 
100 1 |a Lama, Enrique de la  |e author  |9 620033 
245 1 0 |a Dos mil años de evangelización: los grandes ciclos evangelizadores 
260 |a Pamplona  |b Universidad de Navarra  |c 2001 
300 |a 705 p 
490 0 |a Simposios Internacionales de Teología, 21 
583 |a last modification  |c 20180327 12:21:21  |k Rodrigo Vera 
650 0 7 |a EVANGELIZACION  |2 CL-VaPUC  |9 620034 
650 0 0 |a Cristianismo  |9 257361 
942 |c BK 
945 |a vberengu  |d 20011123 00:00:00 
546 |a En Español 
536 |a Universidad de Navarra 
518 |p Simposio Internacional de Teología, 16, Pamplona, 3-5 de mayo de 2000 
999 |c 383728  |d 383726 
952 |0 0  |1 0  |4 0  |6 266_000000000000000_LAM_2001  |7 0  |8 A  |9 505967  |a BIBTEO  |b BIBTEO  |d 2020-01-23  |i 3771008  |o 266 LAM 2001  |p 3771008  |r 2025-01-17  |w 2020-01-23  |y BK  |k ICR